| 000 | 00608nam a2200217I 4500 | ||
|---|---|---|---|
| 999 |
_c6277 _d6277 |
||
| 001 | 1214210 | ||
| 003 | OCoLC | ||
| 005 | 20190116143604.0 | ||
| 008 | 750313|1975||||||| |||| ||eng u | ||
| 020 | _a0385088248 | ||
| 040 |
_cAPL _dODC |
||
| 082 |
_a241.52 _bG794S |
||
| 100 | 1 |
_aGreeley, Andrew M., _d1928-2013. |
|
| 245 | 1 | 4 |
_aThe Sinai myth _c[by] Andrew M. Greeley. |
| 260 |
_aGarden City, N. Y., _bImage Books _c1975, [c1972] |
||
| 300 |
_a196 p. _c18 cm. |
||
| 490 | 0 | _aDoubleday Image book D350. | |
| 504 | _aIncludes bibliographical references. | ||
| 630 | 0 | 0 | _aTen commandments. |
| 942 |
_2ddc _cBK |
||